Countries in Africa - Statistics

General Stats
  • This quiz has been taken 25 times
  • The average score is 14 of 15
Answers on the Grid
Answers color-coded by a green-red scale on the quiz's grid according to % correct below.
Algeria
Usa
Morocco
Australia
Cape Verde
São Tomé and Príncipe
Norway
Djibouti
Russia
Austria
Finland
Latvia
Yemen
Gambia
Paraguay
Tunisia
South Africa
Bosnia and Herzegovina
Mali
Mauritania
Canada
Texas
Uganda
Uruguay
Saudi Arabia
Sudan
Eritrea
Mozambique
Afghanistan
Seychelles
 
Answer Stats
Answer % Correct
Mali
100%
Morocco
100%
Eritrea
94%
Mauritania
94%
Mozambique
94%
Tunisia
94%
Uganda
94%
Algeria
88%
Cape Verde
88%
South Africa
88%
Seychelles
88%
Sudan
88%
Djibouti
82%
Gambia
82%
São Tomé and Príncipe
76%
No matching quizzes found
Score Distribution
Percent of People with Each Score
Percentile by Number Answered
Your Score History
You have not taken this quiz